00000000nam##2200000za#4500
0019.616404
003CaOODSP
00520211126112847
007ta
008150406|2003||||xxc|||||     f|0| 0 eng|d
022 |a1192-5434
040 |aCaOODSP|beng
043 |an-cn---
0861 |aFB3-2/103-10E
1102 |aBank of Canada.
24512|aA stochastic simulation framework for the government of Canada's debt strategy / |cby David Jamieson Bolder.
260 |bBank of Canada |c2003.
300 |aviii, 96p. : |bfigs., graphs, tables ; |c28 cm.
4901 |aWorking paper|x1192-5434|v2003-10
500 |a"Dept strategy is defined as the manner in which a government finances an excess of government expenditures over revenues and any maturing debt issued in previous periods. The author gives a thorough qualitative description of the complexities of debt strategy analysis and the demonstrates that it is, in fact, a problem in stochastic optimal control."--Abstract.
504 |aBibliography.
5203 |aThis working paper is part of a series that examines a range of economic and financial issues of interest to bankers, economists and policymakers.
546 |a(Résumés en français.)
563 |aSoftcover
590 |a03-22|b2003-05-30
7201 |aBolder, David
7760#|tA stochastic simulation framework for the government of Canada's debt strategy / |w(CaOODSP)9.580561
830#0|aWorking paper,|x1192-5434|v2003-10|w(CaOODSP)9.514622